000 00675nam a2200181Ia 4500
008 090122s9999 xx 000 0 und d
082 _b13414
_a808.899282
100 _aअनु
_b-
_cबागवे
245 _aविकास रंगतदार गोष्टी - निळा रंग
260 _bनवनति
300 _a32
501 _aदेणगी - प्रथमेश पवार
600 _aअनु
630 _aविकास रंगतदार गोष्टी - निळा रंग
700 _aअनु
730 _aविकास रंगतदार गोष्टी - निळा रंग
942 _cBOOK
999 _c37491
_d37491